• 首页
  • 本馆介绍
  • 公告通知
  • 最新文献
  • 馆藏检索
  • 电子资源
  • 读者导购
  • 参考咨询
  • 我的图书馆
  • 登录
  • 详细信息显示
  • 放入我的书架
  • 预约/预借图书
  • 作者相关作品
  • 分类相关作品
  • 丛书相关作品
  • 出版社相关作品

书目信息

  • 表格格式
  • 工作单格式
  • 卡片格式
题名:
广雅疏证
    
 
作者: 王念孙 著 ;张其昀 点校
分册: 下册  
出版信息: 北京   中华书局  2019
页数: 584-1142页
开本: 24cm
丛书名:
单 册:
中图分类: H131.4
科图分类:
主题词:
电子资源:
ISBN: 978-7-101-13848-1
000 01140nam0 2200253 450
001 011029202425
005 20211031085104.35
010    @a978-7-101-13848-1@dCNY114.00(全2册228.00)
100    @a20190921d2019 em y0chiy50 ea
101 0  @achi
102    @aCN@b110000
105    @ay z 001yy
106    @ar
200 1  @a广雅疏证@Aguang ya shu zheng@e点校本@h下册@f(清)王念孙著@g张其昀点校
210    @a北京@c中华书局@d2019
215    @a584-1142页@d24cm
320    @a有索引
330    @a《广雅》是魏張揖所作的一部解释词义的书,体例与《尔雅》相同,其中所收录的词语都是在《尔雅》之外的,故名。但《广雅》原书已无单行本,清以前有隋曹宪所作音释《博雅音》。清王念孙撰《广雅疏证》,可以说是一部对训诂学成就具有总结意义的巨著,侧重校订和疏通古训,援引该洽而精约,就古音以求古义,于词义探讨上别辟一条途径,对后来的训诂学研究影响巨大。但当下的人们尤其是学生在使用古刻本时有非常大的困难,故我们请扬州大学张其昀教授进行了整理。
605    @a广雅@Aguang ya@x研究
690    @aH131.4@v5
701  0 @a王念孙@Awang nian sun@4著
702  0 @a张其昀@Azhang qi yun@4点校
801  0 @aCN@b百万庄@c20211029
905    @b1312611-12@dH131.4@e402:2@f2
    
    广雅疏证:点校本.下册/(清)王念孙著/张其昀点校.-北京:中华书局,2019
    584-1142页;24cm
    
    
    ISBN 978-7-101-13848-1:CNY114.00(全2册228.00)
    《广雅》是魏張揖所作的一部解释词义的书,体例与《尔雅》相同,其中所收录的词语都是在《尔雅》之外的,故名。但《广雅》原书已无单行本,清以前有隋曹宪所作音释《博雅音》。清王念孙撰《广雅疏证》,可以说是一部对训诂学成就具有总结意义的巨著,侧重校订和疏通古训,援引该洽而精约,就古音以求古义,于词义探讨上别辟一条途径,对后来的训诂学研究影响巨大。但当下的人们尤其是学生在使用古刻本时有非常大的困难,故我们请扬州大学张其昀教授进行了整理。
●
相关链接 在E读中查询图书 在五车中查询图书 在当当中查询图书 在豆瓣中查询图书


正题名:广雅疏证     索取号:H131.4/402:2         预约/预借

序号 登录号 条形码 馆藏地/架位号 状态 备注
1 1312611   213126115   第二样本阅览室/ [索取号:H131.4/402:2] 在馆    
2 1312612   213126124   第四借阅区/ [索取号:H131.4/402:2] 在馆    
唐山师范学院图书馆 欢迎您!
大连网信软件有限公司© 版权所有